00376pab a2200133 454500008004000000100001700040245008600057260000900143300001300152362001100165650002000176650001200196773003400208180718b2012 xxu||||| |||| 00| 0 eng d aDatar, Abhay aThe Lucknow pact of 1916: A second look at the Congress - Muslim League agreement c2012 ap.65-69. a10 Mar aIndia - History aHistory aEconomic and Political Weekly